Metal matrix composites reinforced with high modulus carbon fibres characterized by high thermal conductivity : Dissertation
Gespeichert in:
| 1. Verfasser: | |
|---|---|
| Weitere Verfasser: | , , , |
| Format: | Manuskript Buch |
| Sprache: | Englisch |
| Veröffentlicht: |
Trnava :
Slovak University of Technology in Bratislava Faculty of Materials Science and Technology in Trnava,
2009
Bratislava : Slovak Academy of Sciences, 2009 |
| Schlagworte: | |
| Tags: |
Keine Tags, Fügen Sie das erste Tag hinzu!
|
MARC
| LEADER | 00000ntm a22000003a 4500 | ||
|---|---|---|---|
| 001 | stu192913 | ||
| 005 | 20150617225612.1 | ||
| 008 | 091019s2009----xo------------------eng-d | ||
| 040 | |a STU |b slo | ||
| 041 | 0 | |a eng | |
| 044 | |a xo |a xo | ||
| 100 | 1 | |a Beronská, Naďa, |d 1980- |4 aut |X 22695 |7 A000022695 | |
| 245 | 1 | |a Metal matrix composites reinforced with high modulus carbon fibres characterized by high thermal conductivity : |b Dissertation | |
| 260 | |a Trnava : |b Slovak University of Technology in Bratislava Faculty of Materials Science and Technology in Trnava, |c 2009 | ||
| 260 | |a Bratislava : |b Slovak Academy of Sciences, |c 2009 | ||
| 300 | |a 156 s |c autoreferát | ||
| 500 | |a Habilitation: 31.8.2009 | ||
| 500 | |a Field of study: 5.2.26 - Materials | ||
| 500 | |a Study program: Technical materials | ||
| 650 | 7 | |a kompozitné materiály |2 stusub | |
| 650 | 7 | |a kovové kompozitné materiály |2 stusub | |
| 700 | 1 | |a Iždinský, Karol |4 ths | |
| 700 | 1 | |a Janovec, Jozef, |d 1956- |4 opn |u M1000 |U MTF Materiálovotechnologická fakulta |T MTF Ústav materiálov |X 2799 |U M1000 |Y 81 |7 A000002799 | |
| 700 | 1 | |a Šebo, Pavol, |d 1939- |4 opn |u M130 |U MTF Materiálovotechnologická fakulta |T MTF Katedra materiálového inžinierstva |X 611 |U M130 |Y 481 |7 A000000611 | |
| 700 | 1 | |a Kolenič, František, |d 1949- |4 opn |X 5232 |7 A000005232 | |
| 996 | |b 284M071301 |c M*DzP-117 |l MMSKP |s P |a 0 |w stu192913_0001 | ||